Fundamentals of biochemistry (Record no. 358443)

MARC details
000 -LEADER
fixed length control field 00532 a2200205 4500
005 - DATE & TIME
control field 20250114101943.0
008 - FIXED-LENGTH DATA ELEMENTS--GENERAL INFORMATION
fixed length control field 250113b |||||||| |||| 00| 0 eng d
020 ## - ISBN
International Standard Book Number 9798891611160
Price Rs. 7495.00
040 ## - CATALOGING SOURCE
Original cataloging agency VIVEKANANDA LIBRARY
082 ## - DDC NUMBER
Classification number 572
Book Number H314F
100 ## - MAIN ENTRY--PERSONAL NAME
Personal name Hawkins, Krish
245 ## - TITLE STATEMENT
Title Fundamentals of biochemistry
260 ## - PUBLICATION, DISTRIBUTION, ETC. (IMPRINT)
Name of publisher, distributor, etc Alexis Press
Date of publication, distribution, etc 2024
Place of publication, distribution, etc New Jersey
300 ## - PHYSICAL DESCRIPTION
Pages viii, 309
650 ## - Subject
Subject Biochemistry
650 ## - Subject
Subject Chemical Properties
650 ## - Subject
Subject Structural Compounds
650 ## - Subject
Subject Nucleic Acids
942 ## - ADDED ENTRY ELEMENTS (KOHA)
Koha item type Books
Holdings
Withdrawn status Lost status Source of classification or shelving scheme Damaged status Not for loan Location (home branch) Sublocation or collection (holding branch) Shelving location Date acquired Koha issues (times borrowed) Koha full call number Accession No. Koha date last seen Koha item type
    Dewey Decimal Classification     VIVEKANANDA LIBRARY VIVEKANANDA LIBRARY Vivekananda Library 11/12/2024   572 H314F 394577 11/12/2024 Books
© Designed and Maintained by Vivekananda Library, MDU Rohtak